| 000 | 00806nam a2200205Ii 4500 | ||
|---|---|---|---|
| 003 | JO-AjNU | ||
| 008 | 230605s9999||||xx |||||||||||||| ||und|| | ||
| 040 |
_aJO-AjNU _bara _erda _cJO-AjNU |
||
| 041 | _aara | ||
| 050 | 1 | 4 | _aTJ1195.D37 1993 |
| 100 | 3 |
_aدرويش، عماد, _eauthor _951291 |
|
| 245 | 0 | 0 | _aالعدد والادوات اليدوية والكهربائية والخردوات المتعلقة بالمهن المختلفة، ج1 |
| 264 | 3 | 1 | _aدمشق :دار دمشق للطباعة 1994 |
| 300 | _aج1، 214ص | ||
| 336 |
_atext _btxt _2rdacontent |
||
| 337 |
_aunmediated _bn _2rdamedia |
||
| 338 |
_avolume _bnc _2rdacarrier |
||
| 490 | 0 | _aموسوعة المهن اليدوية الفنية والهندسية | |
| 650 | 4 |
_aالعداد اليدوية -الكهربائي _951292 |
|
| 999 |
_aA22646 _c26214 _d26214 |
||